Riconosci lo Stato - Quiz n°133 - Statistics

Statistiche generali
  • Questo quiz è stato fatto 27 volte
  • Il punteggio medio è 11 su 13
Statistiche sulle risposte
Indizio Risposta % Corretto
Valuta Dinaro
91%
Fuso Orario UTC+2
91%
Superficie 1 759 540 km²
87%
Indipendenza 24 dicembre 1951 dall'amministrazione anglo-francese
87%
Popolazione 6 871 287 ab.
87%
Iniziale della Capitale T
87%
PIL (nominale) 31 531 milioni di $
83%
Capo dello Stato Mohamed al-Menfi (Come Presidente del Consiglio Presidenziale)
83%
ISU 0.724
78%
Primo ministro Abdul Hamid Mohammed Dbeibeh (ad interim) (Governo di unità nazionale di Tripoli, riconosciuto dall'ONU)
78%
Forma di Governo Repubblica parlamentare
78%
Tasso di crescita 1,1%
74%
Risposta Libia
70%
Nessun quiz corrispondente trovato
Distribuzione punteggi
Percentuale di utenti per punteggio
Percentile per numero di risposta
I tuoi punteggi nel tempo
Non hai fatto questo quiz